000 00483nam a2200193Ia 4500
003 GCL
008 140319s9999 xx 000 0 eng d
040 _aGCL /
_cGCL
082 0 4 _a327
_bB C
100 1 _aBRECHER, MICHAEL
245 1 0 _aCRISES IN WORLD POLITICS /
_cBRECHER, MICHAEL
260 _a[S.N] :
_bPERGAMON ،
_c1993
300 _a676 P
650 0 4 _aINTERNATIONAL RELATIONS
650 0 4 _aGULF WAR
650 0 4 _aDIPLOMACY
650 0 4 _aWORLD CRISIS
942 _2ddc
_cBK
999 _c10898
_d10898